000 00556nam a2200169 4500
001 127894
003 ES-MaACL
005 20251005063114.0
007 t|
008 070214s1928 sp r ||||1| spa d
100 1 _aRío Hortega, Pío del,
_d1882-1945
_997326
245 1 0 _aTercera aportación al conocimiento morfológico e interpretación funcional de la oligodendroglía /
_cPío del Río Hortega.
260 _aMadrid :
_bMolina,
_c1928.
300 _a122 p. :
_bil. ;
_c24 cm.
852 _aES-MaACL
_j1737-F-20
999 _c127894
_d127894